00633nam a2200169Ia 4500008004100000020001800041050001700059100001900076245007200095250000600167260004700173300001100220650007500231700003400306952010600340999001700446120626s9999 xx 000 0 und d a950-641-434-3 aHF55560 M653 aMONDINO, Diana aFinanzas para empresas competitivas / Diana Mondino, Eugenio Pendas a2 aBuenos Aires, Argentina, México: Granica a403 p. a1. SOCIEDADES ANONIMAS -- FINANZAS 2. EMPRESAS COMERCIALES -- FINANZAS aI. PENDAS, Eugenio, coaut.Ì 00104070a09b09d2008-07-28l1oHF55560 M653p09 002372r2014-11-10s2014-11-10t1w2012-06-26yLB c64108d64108